000 00287nam a22001337a 4500
008 171214b xxu||||| |||| 00| 0 eng d
020 _a1403901244
041 _aeng
080 _a32
100 _a18
101 _aSHP
245 _aYoung, Free and Single?
_cHeath, S
942 _2udc
_cBK
999 _c38920
_d38920